Вып. 11 : Барит и витерит; Требования промышленности к качеству минерального сырья

Detalhes bibliográficos
Parent link:Требования промышленности к качеству минерального сырья: справочник для геологов/ Всесоюзный научно-исследовательский институт минерального сырья; гл. ред. А. Д. Ершов. Вып. 11 : Барит и витерит.— 2-е изд., перераб..— , 1958-1965
Autor principal: Черносвитов Ю. Л.
Outros Autores: Мельников И. И. (редактор)
Idioma:russo
Publicado em: 1963
Assuntos:
Formato: Livro
KOHA link:https://koha.lib.tpu.ru/cgi-bin/koha/opac-detail.pl?biblionumber=292154

MARC

LEADER 00000nam2a2200000 4500
001 292154
005 20231101000914.0
035 |a (RuTPU)RU\TPU\book\316769 
035 |a RU\TPU\book\88981 
090 |a 292154 
100 |a 20150420d1963 km y0rusy50 ca 
101 0 |a rus 
102 |a RU 
105 |a a g 001zy 
200 0 |a Вып. 11 : Барит и витерит  |f Ю. Л. Черносвитов  |g под ред. И. И. Мельникова 
210 |d 1963 
215 |a 58 с.  |c схема 
320 |a Библиогр.: с. 40-42. 
461 1 |0 (RuTPU)RU\TPU\book\77886  |t Требования промышленности к качеству минерального сырья  |o справочник для геологов  |f Всесоюзный научно-исследовательский институт минерального сырья; гл. ред. А. Д. Ершов  |v Вып. 11 : Барит и витерит  |e 2-е изд., перераб.  |d 1958-1965 
606 1 |a Минеральное сырье  |x Анализ  |2 stltpush  |3 (RuTPU)RU\TPU\subj\44018 
610 1 |a барит 
610 1 |a справочники 
610 1 |a витерит 
610 1 |a качество 
610 1 |a применение 
610 1 |a строительство 
610 1 |a обработка 
610 1 |a пробы 
610 1 |a стандарты 
675 |a 553.08(035)  |v 3 
700 1 |a Черносвитов  |b Ю. Л. 
702 1 |a Мельников  |b И. И.  |4 340 
801 1 |a RU  |b 63413507  |c 20051006  |g PSBO 
801 2 |a RU  |b 63413507  |c 20190710  |g PSBO 
942 |c BK